| 000 | 00683cam a22002413a 4500 | ||
|---|---|---|---|
| 001 | 12519 | ||
| 003 | PGUSA | ||
| 005 | 20140828083252.0 | ||
| 008 | 040601s2004||||xxu|||||s|||||000 | eng d | ||
| 040 |
_aPGUSA _beng |
||
| 042 | _adc | ||
| 050 | 4 | _aTX | |
| 100 | 1 |
_aRandolph, Mary, _d1762-1828 |
|
| 245 | 1 | 4 |
_aThe Virginia Housewife : _bOr Methodical Cook _h[electronic resource] / _cMary Randolph |
| 260 |
_bProject Gutenberg, _c2004 |
||
| 506 | _aPublic domain in the USA. | ||
| 516 | _aElectronic text | ||
| 653 | _aCooking -- Virginia | ||
| 653 | _aCooking, American | ||
| 830 | 0 |
_aProject Gutenberg _v12519 |
|
| 856 | 4 | 0 | _uhttp://www.gutenberg.org/ebooks/12519 |
| 942 | _cEB | ||
| 999 |
_c241774 _d241774 |
||